000 00496 a2200181 4500
999 _c3272
_d3272
020 _a9780194425766
050 _aPN59 DUF 2007
100 _aDuff, Alan
_eauthor
245 _aLiterature /
_cAlan Duff & Alan Maley
250 _a2nd ed.
264 _aNew York
_bOxford University Press
_c2007
300 _a168p. :
440 _aResource books for teachers
500 _aIncludes index
650 _aEnglish Language
700 _aMaley, Alan
_eauthor
942 _2lcc
_cBK
_e2nd ed.
_h59
_iDUF
_kPN